Canadian Geography by Letter - O - Statistics

General Stats
  • This quiz has been taken 20 times
  • The average score is 6 of 15
Answer Stats
Hint Answer % Correct
Canada is surrounded by three of these bodies of water Oceans
100%
Canada's most populace province and second-largest in size Ontario
100%
Capital of Canada. Derived from the Algonquin word "to trade" Ottawa
95%
Village in Quebec where a dispute in 1990 over land turned hostile Oka
42%
Region in the Interior of BC, famous for fruit, vineyards and Ogopogo Okanagan
37%
Not to be confused with the city above. This is "Canada's Motor City" Oshawa
37%
Highest summit on Baffin Island. Named after the Allfather of Norse mythology Mount {Odin}
32%
Dry community in northern Yukon. Sounds like a place for senior blackbirds Old Crow
26%
Island in Nova Scotia rumoured to hold the buried treasure of Captain Kidd {Oak} Island
21%
Major bitumen deposits, largely located in Alberta Oil Sands
21%
Residential neighbourhood in Montreal. "Beyond the mountain" in French Outremont
21%
Important type of crops grown across the Prairies. Includes canola Oilseed
16%
"Scenic City" on Georgian Bay. Part of the Great Lakes snowbelt Owen Sound
16%
Town in New Brunswick. Site of Canadian Forces Base Gagetown Oromocto
5%
River that drains into the Saint Lawrence near Baie-Comeau. Canadian French for "Canada Goose" {Outardes} River
0%
No matching quizzes found
Score Distribution
Percent of People with Each Score
Percentile by Number Answered
Your Score History
You have not taken this quiz